[Event "Moscow Aeroflot op-A"]
[Site "Moscow"]
[Date "2005.02.18"]
[Round "4"]
[White "Rustemov, Alexander"]
[Black "Zvjaginsev, Vadim"]
[Result "0-1"]
[WhiteElo "2598"]
[BlackElo "2653"]
[Annotator "Krasenkow,M"]
[PlyCount "96"]
[EventDate "2005.02.15"]
[EventType "swiss"]
[EventRounds "9"]
[EventCountry "RUS"]
[SourceTitle "CBM 106"]
[Source "ChessBase"]
[SourceDate "2005.06.06"]
[SourceVersion "1"]
[SourceVersionDate "2005.06.06"]
[SourceQuality "1"]

1. d4 Nf6 2. Nf3 g6 3. c4 Bg7 4. g3 O-O 5. Bg2 c6 6. O-O d5 7. Qb3 a5 {An
active plan of counterplay; the question is, however, whether the a-pawn will
be strong or weak.} 8. cxd5 (8. Bf4 {-see Vaganian-Smirin in CBM104}) 8... a4
$1 9. Qd1 (9. Qa3 {deserves attention but is rarely played. Here are two
examples:} cxd5 10. Ne5 e6 (10... Nc6 $5 11. Nxc6 bxc6 12. Nc3 Nd7 13. Rd1 Re8
14. b3 Ba6 {1/2-1/2 Loginov,V-Tkachiev,V/Moscow 1994/CBM 044 ext}) 11. Be3 Nfd7
12. f4 Nc6 13. Nd2 Ndxe5 14. fxe5 f6 15. exf6 Bxf6 16. Nf3 Bg7 17. Rad1 Bd7 18.
Bh3 e5 19. Bxd7 Qxd7 20. dxe5 Nxe5 21. Nxe5 Bxe5 22. Bh6 Bg7 $11 {1/2-1/2
Morovic Fernandez,I-Cvitan,O/Novi Sad 1990/TD (47)}) 9... cxd5 10. Nc3 Ne4 $5 {
[%mdl 520] A new idea - Black sacrifices the a4 pawn for quick development and
activity!} (10... Qa5 {is quite solid but White can fight for an advantage by
means of} 11. Bd2 $1 (11. a3 $143 Ne4 12. Bd2 Nxd2 13. Qxd2 Nc6 (13... e6 14.
Rfd1 Nd7 15. h4 Nf6 16. Ne5 Bd7 17. e4 Bc6 18. Rac1 Rfd8 19. exd5 Bxd5 20. Nxd5
Nxd5 21. Qe2 Qb6 $11 {1-0 Khasin,A-Melnikov,A/Kursk 1987/EXT 97 (38)}) 14. Rfd1
{1/2-1/2 Fokin,S-Khasin,A/Kursk 1987/EXT 97}) 11... Nc6 12. Re1 $5 (12. e3 Rd8
13. h3 Qa6 14. Re1 Bf5 15. Bf1 Bd3 16. Nxa4 Bxf1 17. Nc5 Qb5 18. a4 Qxb2 19.
Rxf1 Ne4 20. Rb1 {1/2-1/2 Hulak,K-Khenkin,I/Kranevo 1996/CBM 055 ext} Qa2 21.
Ra1 {1/2-1/2 Romanishin,O-Khenkin,I/Muenster 1997/CBM 060 ext}) {e.g.} 12...
Qa7 (12... Rd8 $5) 13. e3 Bg4 14. h3 Bxf3 15. Qxf3 e5 $6 (15... e6 $142) 16.
dxe5 Nxe5 17. Qe2 Nc4 18. Rab1 $14 {[%csl Rd5] 1-0 Goldin,A-Kruppa,Y/Uzhgorod
1987/EXT 97 (37)}) (10... Bd7 $6 {is passive and yields initiative to White:}
11. Ne5 e6 12. Bg5 h6 13. Bxf6 Bxf6 14. e4 $1 dxe4 15. Nxe4 Ra7 16. Nxf6+ Qxf6
17. Qd2 h5 18. Qe3 Rd8 19. Rfc1 $16 {1-0 Goldin,A-Michaelsen,N/Berlin 1993/EXT
97 (43)}) 11. Ne5 (11. Nxa4 Qa5 12. b3 b5 13. Nb2 Nc6 $44 {|^}) 11... Bf5 (
11... Nxc3 $5 12. bxc3 Nc6 {can be played, like in the 7.cxd5 line. White can,
however, try to make use of the position of the black pawn on a4 (instead of
a7) by means of} 13. Nd3 $5 {[%cal Ya1b1,Gb1b7]}) 12. Nxa4 {White eventually
captures the pawn but...} Qa5 13. b3 b5 14. Nb2 Bxe5 $1 {An interesting idea.
Quick development is Black's main priority, so he even gives up his bishop.}
15. dxe5 Nc6 {[%cal Cd1d5,Rc6b4,Re4c3,Rc6d4] Black has very strong initiative
for the sacrificed pawn. It is not easy for White to defend.} 16. Bxe4 $6 {
Not a good idea - contrary to Black's 14...Bxe5. White gets rid of Black's
active knight but his own b2 knight becomes a "big pawn". Besides, the d-file
opens up for the black rook.} (16. Qxd5 $2 Nb4 17. Qd1 Rfd8 18. Qe1 (18. Nd3
Nc3 19. Qd2 Nxe2+ 20. Qxe2 Bxd3 $17) 18... Nc2 19. Qxa5 Rxa5 $17) (16. Nd3 Nc3
{[%cal Oc3d1,Rc6d4]} 17. Bd2 Bxd3 18. exd3 (18. Bxc3 Qxc3 19. Qxd3 Qxd3 20.
exd3 e6 21. f4 Nd4 $15) 18... b4 $44) (16. Bf4 $5) 16... dxe4 $1 {[%csl Rb2]}
17. Bd2 (17. Qd2 $5) 17... Qa3 18. Bc3 {This "consolidation" is temporary.}
Rfd8 19. Qc1 (19. Qc2 Rac8 {[%csl Gc8,Gd8]} (19... e3 $143 20. Nd3) 20. Nd1 (
20. Rfd1 Nd4 21. Rxd4 Rxd4 22. Nc4 Qc5 $19) 20... b4 21. Bb2 Qa5 22. Ne3 Nd4
23. Qb1 Nxe2+ 24. Kg2 Rd2 $17) 19... b4 20. Bd2 Nd4 21. Re1 Rdc8 22. Nc4 Qxc1
23. Bxc1 ({or} 23. Raxc1 Rxa2 {[%cal Cd2b4,Rd4b3] and White can't avoid
material losses}) 23... Nc2 $6 {After this Black will need some time and
technique to convert his material advantage.} ({Meanwhile,} 23... Nxb3 $1 24.
Rb1 Nxc1 25. Rexc1 Be6 $1 {could have ended the business at once as after} 26.
Rxb4 (26. Nd2 Rxc1+ 27. Rxc1 Rxa2 $19) 26... Rc7 {[%cal Cf2f3,Cf3e4,Ra8c8]
White lost the c4 knight.}) 24. Bd2 Nxa1 25. Rxa1 Rcb8 26. Be3 Ra6 27. Bc5 Kf8
28. Kf1 Be6 29. Nd2 Rb5 30. Bd4 Bd5 {Black has improved the position of his
pieces and the white a2 pawn is defenseless.} 31. Ke1 Rba5 32. f3 exf3 33. exf3
Rxa2 34. Rxa2 Rxa2 35. Bc5 Ra1+ 36. Ke2 g5 $1 37. g4 Rh1 38. Bxb4 Rxh2+ 39. Ke3
h6 40. Bc3 Ke8 41. b4 Bc6 42. Kd3 Kd7 43. Ke3 Kd8 44. Kd3 Kc7 45. Ke3 Kd7 46.
Kd3 Rh3 47. Ke3 h5 48. gxh5 g4 0-1

[Event "POL-ch 62nd"]
[Site "Poznan"]
[Date "2005.04.24"]
[Round "4"]
[White "Wojtaszek, Radoslaw"]
[Black "Kempinski, Robert"]
[Result "1/2-1/2"]
[WhiteElo "2569"]
[BlackElo "2627"]
[Annotator "Krasenkow,M"]
[PlyCount "39"]
[EventDate "2005.04.21"]
[EventType "tourn"]
[EventRounds "13"]
[EventCountry "POL"]
[EventCategory "12"]
[SourceTitle "CBM 107"]
[Source "ChessBase"]
[SourceDate "2005.08.01"]
[SourceVersion "1"]
[SourceVersionDate "2005.08.01"]
[SourceQuality "1"]

1. d4 Nf6 2. c4 g6 3. g3 c6 4. Nf3 Bg7 5. Bg2 d5 6. Qb3 O-O 7. O-O dxc4 8. Qxc4
Qb6 9. Nbd2 {A harmless move. Neither c4 nor b3 is an appropriate (active)
square for this knight.} (9. Nc3 {is more usual.}) 9... Be6 10. Qc2 Na6 11. b3
(11. Nc4 Nb4 (11... Qb5 12. Nfe5) 12. Qb3 Qa6 13. Nfe5 Nbd5 {[%cal Rd5b6]} 14.
Qc2 Nb4 $11) 11... Nb4 (11... c5 {is quite possible, too:} 12. Bb2 Rac8 13. Qb1
Rfd8 14. e3 h6 15. dxc5 Qxc5 (15... Nxc5 $5) 16. Nd4 Qb6 17. Nxe6 Rxd2 $6 (
17... Qxe6 18. Bd4 Nd5 $11) 18. Nxg7 Kxg7 19. Rc1 {1/2-1/2 Janssen,R-Palmans,L/
Lommel 1998/EXT 2004 (52)} (19. Rd1 $14)) 12. Qb1 a5 {A typical motif: if
White now plays a2-a3 then his b3 pawn will be weak.} 13. Bb2 a4 14. a3 Nbd5
15. b4 {This is now possible but Black organizes blockade on the b5 square.}
Nc7 16. Qc2 Nb5 17. Rfd1 Rfd8 18. h3 h6 19. Rac1 Qa7 20. e3 {If White pushed
e2-e4, his d4 pawn would be endangered; still, a draw offer by the World
Junior Champion in a position full of life is quite bewildering.} 1/2-1/2

[Event "EU-Cup 32nd"]
[Site "Novi Sad"]
[Date "2016.11.08"]
[Round "3.1"]
[White "Mamedyarov, Shakhriyar"]
[Black "Vachier Lagrave, Maxime"]
[Result "1-0"]
[WhiteElo "2762"]
[BlackElo "2811"]
[Annotator "Krasenkow,M"]
[PlyCount "71"]
[EventDate "2016.11.06"]
[EventType "team-swiss"]
[EventRounds "7"]
[EventCountry "SRB"]
[SourceTitle "CBM 176"]
[Source "ChessBase"]
[SourceDate "2017.01.17"]
[SourceVersion "1"]
[SourceVersionDate "2017.01.17"]
[SourceQuality "1"]
[WhiteTeam "Sveti Nikolaj Srpski"]
[BlackTeam "Padova"]
[WhiteTeamCountry "SRB"]
[BlackTeamCountry "ITA"]

1. d4 Nf6 2. Nf3 g6 3. g3 Bg7 4. Bg2 d5 5. O-O O-O 6. c4 c6 7. Qb3 Qb6 8. Nc3
Rd8 9. Rd1 Bf5 10. Ne1 {A popular move in this theoretical position. White
prevents ...Qb6xb3 a2xb3 Bf5-c2, and c4xd5 remains a potential threat.} dxc4 (
10... Be6 11. c5 {is another deeply explored line.}) (10... Na6 11. cxd5 $1
Qxb3 (11... cxd5 12. Qxb6 axb6 13. Bf4 $14) (11... Nxd5 12. e4 $14) 12. axb3
cxd5 13. Ra5 Be6 14. Nd3 Nc7 15. Bf4 $14 {1-0 (25) Wang,H (2704)-Haessel,D 
(2180) Edmonton 2015}) 11. Qxc4 Na6 (11... Be6 12. Qa4 Na6 13. e3 $6 (13. e4 {
- 11...Na6}) 13... Bg4 14. Bf3 Bxf3 15. Nxf3 c5 16. d5 e6 17. dxe6 Rxd1+ 18.
Qxd1 Qxe6 $15 {1/2 (34) Banusz,T (2583)-Volokitin,A (2718) Mamaia 2012}) 12. e4
(12. h3 e5 13. Nf3 Be6 14. Qa4 exd4 15. Nxd4 Nc5 16. Qc2 Rxd4 17. Rxd4 Nb3 18.
axb3 Qxd4 $11 {1/2 (22) Landa,K (2647)-Kempinski,R (2620) Germany 2015}) 12...
Be6 (12... Bg4 $143 13. Bf3 Nc7 (13... e5 $6 14. Be3 exd4 15. Bxd4 Be6 16. Nd5
Rxd5 17. exd5 cxd5 18. Bxb6 dxc4 19. Bd4 $16 {1-0 (39) Leon Hoyos,M (2515)
-Danin,A (2594) Voronezh 2014}) (13... Qb4 14. Qe2 $1 Bxf3 15. Nxf3 e6 16. Bf4
c5 17. d5 exd5 18. e5 Nh5 19. Bg5 $16 {1-0 (54) Banusz,T (2595)-Lampert,J 
(2442) Germany 2015}) (13... Be6 14. d5 $1 (14. Qa4 $143 Ne8 15. Ne2 Nd6 16.
Nd3 Nb5 $11 {0-1 (37) Le Quang,L (2714)-Vachier Lagrave,M (2710) Beijing 2011})
14... Bg4 $6 (14... cxd5 $1 15. exd5 Bf5 16. Qe2 Nc5 $1 17. Be3 Qa5 $1 $14 {
E.Inarkiev}) 15. Bxg4 $6 (15. Be3 $142 $1 Qxb2 $140 16. Rab1 Qa3 17. dxc6 $1
bxc6 18. e5 $1 $16 {E.Inarkiev}) 15... Nxg4 16. Qe2 Ne5 17. Bg5 $14 {1-0 (58)
Inarkiev,E (2669)-Svidler,P (2735) Astrakhan 2010 CBM 137 [Inarkiev,E]}) (13...
h5 $5 {E.Inarkiev}) 14. Qe2 Bxf3 15. Nxf3 Nb5 (15... Ne6 16. Be3 Ng4 17. Rac1
Nxe3 18. fxe3 Nc7 19. Na4 Qa6 20. Qc2 e5 21. Nc5 Qb6 22. Rd3 $14 {1/2 (27)
Gabuzyan,H (2537)-Tari,A (2402) Golden Sands 2014}) 16. Nxb5 Qxb5 17. Qc2 c5
18. d5 Nd7 19. a4 Qa6 20. Bg5 Re8 21. Bf4 c4 22. e5 $14 {1/2 (58) Gabuzyan,H 
(2537)-Khusenkhojaev,M (2381) Varna 2014}) 13. Qa4 (13. d5 cxd5 14. exd5 Bg4
15. Be3 Qxb2 16. Nd3 Qa3 17. Nb5 Qa5 18. Bd2 Qb6 19. Be3 Qa5 20. Bd2 Qb6 21.
Be3 Qa5 {1/2 (21) Jakovenko,D (2738)-Grischuk,A (2780) Khanty-Mansiysk 2015})
13... Qb4 (13... Bg4 {is more appropriate now than on the previous move:} 14.
Bf3 Nc7 (14... Rd7 $5 15. Bxg4 Nxg4 $11 16. h3 $4 {1-0 (53) Gajewski,G (2569)
-Jankovic,A (2564) Cappelle-la-Grande 2011} Rxd4 $1 17. Rxd4 Bxd4 18. hxg4
Bxf2+ 19. Kf1 Bxe1 20. Kxe1 Qg1+ 21. Ke2 Rd8 $19 {->}) 15. e5 Bxf3 16. Nxf3
Nfd5 17. Ne4 Ne6 $11 {1/2 (32) Gabuzyan,H (2593)-Starostits,I (2437) Rasht 2016
}) 14. Nc2 {An attempt at improvement on the previous (rapid) game played by
Maxime Vachier-Lagrave:} (14. Qxb4 Nxb4 15. h3 Ne8 16. Be3 Nd6 17. a3 Na6 18.
Nf3 Bb3 19. Rdc1 Nc4 $11 {0-1 (39) Jumabayev,R (2606)-Vachier Lagrave,M (2758)
Berlin 2015}) 14... Qxa4 15. Nxa4 Nd7 {[%mdl 32] Probably not the best route
for this knight.} (15... Ne8 $5 {[%cal Ye8d6,Ye8c7]}) 16. Bg5 Re8 17. b3 Nb6
18. Nxb6 (18. Nb2 $5 {[%csl Rb6]}) 18... axb6 19. Rac1 Nc7 $6 {I think this is
not the appropriate moment to move this knight, especially as it can't reach a
good square anyway.} (19... b5 $142 20. d5 $140 Bg4 $1 21. f3 Bd7 22. dxc6 Bxc6
23. Nd4 Nb4 $132) 20. d5 $1 cxd5 $6 {Here, too, Black should have avoided
opening files for White's rooks:} (20... Bg4 21. f3 Bc8 (21... Bd7 $143 22.
dxc6 Bxc6 23. Nb4) {although after} 22. Nb4 $1 c5 23. a4 $14 {White keeps some
pressure.}) 21. exd5 Bg4 (21... Bd7 22. Na3 $5) 22. Re1 $1 {[%csl Re7]} Nb5 23.
h3 Bd7 (23... Bf5 24. g4 Bxc2 25. Rxc2 Bf6 $5 {doesn't solve Black's problems
due to} 26. Be3 Bd4 27. Bf1 $1 Na3 $8 28. Rc7 Be5 29. Rxb7 Nc2 30. Re2 Nxe3 31.
Rxe3 Bd6 32. a4 {with an extra pawn and good winning chances despite
opposite-coloured bishops.}) 24. a4 Nc3 25. Na3 $1 Ra5 (25... e6 26. d6 $16)
26. Bxe7 Nxd5 27. Bd6 $16 {[%csl Rb7]} Rxe1+ (27... Nf6 28. Nc4 (28. Bxb7 Bxh3)
28... Ra6 29. Bxb7 Ra7 30. Bg2 {, and White should convert his extra pawn.})
28. Rxe1 Nf6 29. Nc4 Ra6 30. Bxb7 Ra7 31. Bg2 b5 32. Bc5 $1 Ra6 (32... Rc7 33.
Bb6 Rc8 34. Nd6 $18) 33. Bb7 bxc4 34. Bxa6 cxb3 35. a5 Bf5 36. Bd4 1-0

[Event "Corus"]
[Site "Wijk aan Zee"]
[Date "2006.01.14"]
[Round "1"]
[White "Aronian, Levon"]
[Black "Ivanchuk, Vassily"]
[Result "0-1"]
[WhiteElo "2752"]
[BlackElo "2729"]
[Annotator "Krasenkow,M"]
[PlyCount "90"]
[EventDate "2006.01.14"]
[EventType "tourn"]
[EventRounds "13"]
[EventCountry "NED"]
[EventCategory "19"]
[SourceTitle "CBM 111"]
[Source "ChessBase"]
[SourceDate "2006.04.04"]
[SourceVersion "1"]
[SourceVersionDate "2006.04.04"]
[SourceQuality "1"]

1. d4 Nf6 2. c4 g6 3. Nf3 Bg7 4. g3 c6 5. Nc3 d5 6. Qb3 O-O 7. Bg2 Qb6 8. O-O
Rd8 9. h3 {A rare, harmless move, instead of the main theoretical line} (9. c5
{or}) (9. Qa3 $5) 9... Be6 (9... Qxb3 10. axb3 Na6 11. Be3 Ne4 12. Rfc1 Nxc3
13. bxc3 Nc7 14. g4 Ne8 15. cxd5 cxd5 16. Ne5 Nc7 17. Bf4 Ne6 18. Bg3 $14 {
1/2-1/2 Lingnau,C-Schaefer,M/Germany 1994/GER-chT (43)}) (9... Bf5 $5 10. cxd5
Qxb3 11. axb3 Nxd5 12. Bg5 Na6 13. e4 Nxc3 14. bxc3 Bxe4 15. Rfe1 Bxf3 16. Bxf3
f6 17. Bf4 e5 18. dxe5 Nc5 19. exf6 Bxf6 20. Be5 Bxe5 21. Rxe5 Nxb3 22. Ra2 Re8
23. Rxa7 {1/2-1/2 Loginov,V-Balashov,Y/Elista 2001/CBM 083}) 10. Ng5 $2 {
Starting a wrong operation, which leads to a poor position for White.} (10. c5
$5) 10... Bf5 11. Qxb6 axb6 12. cxd5 Nxd5 $1 13. e4 (13. Nxd5 cxd5 14. g4 Bc2)
13... Nxc3 14. bxc3 Bd7 $17 {[%mdl 32] White has obtained a strong pawn centre
but it doesn't matter at all! The decisive factor of the position is White's
weak a-pawn on the open file. It is really amazing that all White's attempts
of counterplay prove absolutely vain!} 15. f4 Na6 {[%cal Ya6c7,Yc7b5,Yb5d6,
Yd6c4] No move on the k-side! It could only weaken Black's position:} (15... h6
16. Nf3 f5 17. Ne5 $1) (15... f5 16. exf5 {[%cal Cd7f5,Yf1e1]}) 16. g4 (16. a4
c5 $1 17. Be3 (17. e5 h6 18. Ne4 cxd4 19. cxd4 Bc6 20. Be3 Nb4 $17) 17... cxd4
18. cxd4 Nb4 $36 {<<}) 16... Nc7 {Even prefering this to} (16... c5) 17. f5 (
17. a4 c5 $1) 17... Nb5 18. Bb2 Bh6 (18... gxf5 $5 19. gxf5 Nd6 20. e5 $140
Nxf5 21. Be4 f6 $1) 19. h4 (19. Nf3 $142 Nd6 $140 20. Ne5) 19... f6 20. Nf3
gxf5 21. exf5 Nd6 22. Rfe1 Kf7 23. Bh3 Rg8 24. Kf2 Bf4 25. Ne5+ {Desperation.}
(25. Re2 h5 $5 {[%csl Rf5]}) 25... fxe5 26. dxe5 Nc4 27. e6+ Kf8 28. exd7 Nxb2
$19 29. Re4 Bd6 30. Ke3 b5 31. Rb1 Nc4+ 32. Rxc4 bxc4 33. Rxb7 Kg7 34. Bg2 Kf6
35. g5+ Kxf5 36. Bxc6 Rab8 37. Kd4 Kg4 38. a4 Kxh4 39. a5 Rxb7 40. Bxb7 Kxg5
41. a6 Bb8 42. Kxc4 Kf6 43. Kb5 e5 44. Kb6 Ke7 45. Bc8 Rg2 0-1

[Event "Poikovsky Karpov 15th"]
[Site "Poikovsky"]
[Date "2014.05.18"]
[Round "7"]
[White "Bacrot, Etienne"]
[Black "Morozevich, Alexander"]
[Result "1/2-1/2"]
[WhiteElo "2721"]
[BlackElo "2719"]
[Annotator "Krasenkow,M"]
[PlyCount "88"]
[EventDate "2014.05.11"]
[EventType "tourn"]
[EventRounds "9"]
[EventCountry "RUS"]
[EventCategory "18"]
[SourceTitle "CBM 161"]
[Source "ChessBase"]
[SourceDate "2014.07.16"]
[SourceVersion "1"]
[SourceVersionDate "2014.07.16"]
[SourceQuality "1"]

1. c4 g6 2. Nf3 Bg7 3. d4 Nf6 4. g3 c6 5. Bg2 d5 6. b3 {A harmless plan.} a5 {
One of the possible reactions.} 7. O-O (7. Nc3 $5) 7... O-O (7... a4 $5) 8. Bb2
(8. Nc3 {, preventing ...a5-a4, is more common and more appropriate. However,
Black equalises in that case, too, e.g.} Ne4 9. Bb2 Nxc3 10. Bxc3 Nd7 (10... a4
$6 11. cxd5 cxd5 12. bxa4 {and Black can't easily regain the pawn.}) 11. cxd5
cxd5 12. Ne5 Nf6 13. Qd2 Bf5 14. f3 Nd7 15. e3 Qc7 16. Nd3 Bxd3 17. Qxd3 Nb8
18. a3 Rc8 19. Rfe1 Nc6 20. f4 {1/2 (20) Blagojevic,D (2500)-Bogdanovski,V 
(2425) Niksic 1994}) 8... a4 $1 {The most logical continuation, although} (8...
Bf5 9. Nc3 Ne4 {has been seen in practice, too.}) 9. Nbd2 (9. Qc1 axb3 10. axb3
Rxa1 11. Bxa1 Qb6 12. Qa3 Qa6 13. Nfd2 Qxa3 14. Nxa3 Na6 15. Bc3 Bf5 16. Ra1
Ra8 17. Nab1 Nc7 18. Rxa8+ Nxa8 $11 {1/2 (70) Burmakin,V (2567)-Tolstikh,N 
(2419) Samara 2000}) (9. Nc3 a3 10. Bc1 Ne4 11. Bd2 Nxd2 12. Qxd2 dxc4 13. bxc4
{1-0 (49) Spangenberg,H (2490)-Giaccio,A (2410) Argentina 1995} c5 14. d5 Na6
$13) (9. Ne5 Nbd7 10. Nd2 a3 11. Bc3 Nxe5 12. dxe5 d4 13. exf6 Bxf6 14. Bb4 Qb6
15. Ne4 Qxb4 16. Nxf6+ exf6 17. Qxd4 Kg7 18. Rfd1 Be6 19. Rac1 Qa5 {1/2 (19)
Bu,X (2708)-Shirov,A (2740) Dagomys 2008}) (9. bxa4 dxc4 10. Na3 (10. Ne5 Be6
$1 11. Nd2 Qa5 12. Ndxc4 Qxa4) 10... Nbd7 (10... c3 $5 11. Bxc3 Ne4 12. Be1 Nd6
) (10... Qa5 11. Nxc4 Qxa4 12. Qc1 Qa6 13. a4 Be6 14. Nfd2 Nbd7 15. e4 Nb6 $11
{0-1 (53) Giri,A (2734)-Ponomariov,R (2731) Beijing CHN 2013}) 11. Nxc4 Nb6 12.
Nxb6 Qxb6 13. Ba3 Re8 14. Qb3 Qa6 15. Ng5 e6 $11 {0-1 (51) Vasiliev,
V-Ebralidze,A Tbilisi 1949}) (9. Na3 axb3 (9... Ne4 10. Ne5 Nd7 11. b4 Qb6 12.
Nd3 dxc4 13. Nxc4 Qa6 14. Rc1 Ndf6 15. Qc2 Be6 16. Rfd1 Nd6 17. Na5 Qb5 $13 {
1/2 (42) Nogueiras Santiago,J (2565)-Fernandez Cardoso,A (2473) Santa Clara
2011}) 10. axb3 Bf5 11. Nh4 Be6 12. Qd3 Qd7 13. Nc2 Na6 14. Rfc1 h6 15. c5 g5
16. Nf3 Bf5 17. Qd1 Ne4 $13 {0-1 (35) Garcia Palermo,C (2475)-Hernandez
Guerrero,G (2540) Buenos Aires 2009}) (9. e3 axb3 (9... Ne4 10. Nfd2 Nc5 11.
cxd5 cxd5 {1/2 (29) Bareev,E (2675)-Sokolov,I (2625) Sarajevo 1998 CBM 066 
[Ftacnik,L]} 12. Nc3 a3 13. Bc1 Be6 14. Qf3 $16 {[%csl Rd5]}) 10. axb3 Rxa1 11.
Bxa1 Ne4 12. Nc3 f5 13. cxd5 cxd5 14. Ne5 {1/2 (14) Herraiz Hidalgo,H (2485)
-Fernandez Garcia,J (2414) Las Palmas 2012}) (9. cxd5 Nxd5 (9... axb3 $5 10.
dxc6 bxa2 $13) 10. e4 Nc7 $1 11. bxa4 (11. Na3 c5 12. Nc4 cxd4 13. Bxd4 axb3
14. axb3 Nc6 15. Bxg7 Kxg7 16. Rxa8 Qxd1 {1/2 Pigusov,E-Bareev,E/URS-FL 1986})
11... Bg4 12. e5 Nd7 13. Nc3 Nb6 14. h3 Be6 15. Ng5 Bc4 16. Re1 Ne6 17. Nxe6
Bxe6 18. Ba3 Qd7 19. Bb4 Rfd8 20. a5 Nc4 21. Na4 Qxd4 22. Bxe7 Qxd1 23. Raxd1
Re8 24. Bb4 Bf8 $11 {1/2 (45) Nina,M (2298)-Hansen,E (2527) Mar del Plata 2012}
) 9... Bf5 (9... a3 10. Bc3 Ne4 11. Nxe4 dxe4 12. Ne1 c5 13. Nc2 Nc6 14. e3 Bf5
15. g4 Be6 16. Bxe4 Qd7 17. f3 f5 18. gxf5 Bxf5 19. Qd3 $14 {1/2 (47) Jakubiec,
A (2547)-Dragun,K (2407) Krakow 2010}) (9... axb3 10. axb3 Na6 11. Qc1 Bf5 12.
Bc3 Ne4 13. Nxe4 Bxe4 14. Ne5 Bxg2 15. Kxg2 c5 {1/2 De Freitas,M-Bolbochan,J/
Sao Paulo zt/1960/}) (9... Ne4 10. bxa4 Nc5 11. a5 Qxa5 12. Nb3 Qb4 13. Nxc5
Qxb2 14. cxd5 cxd5 15. a4 Bf5 16. e3 b6 17. Nd3 Qc3 18. Nf4 e6 $11 {0-1 (37)
Kavalek,L (2540)-Cooper,J (2310) Thessaloniki 1984}) (9... Qa5 10. Qc1 b5 11.
cxb5 cxb5 12. bxa4 bxa4 13. Bc3 Qa7 14. Ne5 Ba6 15. Re1 Rc8 16. Qa3 e6 17. e3
Nbd7 $11 {1-0 (55) Pham,C (2349)-Goh Wei Ming,K (2426) Ho Chi Minh City 2012})
10. Nh4 (10. bxa4 Qa5 11. Qb3 Qxa4 12. Rfc1 {1/2 (12) Csom,I (2455)-Bronstein,
D (2445) Wrexham 1995}) (10. e3 Nbd7 11. Qe2 axb3 12. axb3 Qb6 13. Nh4 Be6 14.
Bc3 Ne4 15. Bxe4 dxe4 16. Rfb1 f5 $132 {1/2 (31) Nikolic,P (2631)-Brkic,A 
(2567) Vogosca 2007}) (10. Ne5 Nbd7 11. Nxd7 Bxd7 12. Bc3 axb3 13. axb3 Bg4 14.
Rxa8 Qxa8 15. h3 Bf5 16. Qa1 h5 $11 {1/2 (44) Radjabov,T (2773)-Carlsen,M 
(2835) Wijk aan Zee 2012}) 10... Bg4 (10... Be6 11. Re1 (11. Qc2 a3 $1 12. Bc3
c5 13. Rad1 cxd4 14. Bxd4 Nc6 15. Bxf6 Bxf6 16. Ne4 dxe4 $1 17. Rxd8 Rfxd8 $44
{0-1 (29) Polugaevsky,L (2630)-Gelfand,B (2665) Reggio Emilia 1992 CBM 027 
[Ftacnik,L]}) 11... a3 12. Bc3 c5 13. e3 cxd4 14. exd4 Nc6 15. Nhf3 Bg4 16. h3
Bxf3 17. Qxf3 e6 18. c5 Nd7 19. Qd3 Qf6 {1/2 (19) Jussupow,A (2601)-Hug,W 
(2473) Switzerland 2012}) 11. h3 Be6 12. Nhf3 (12. Qc2 Na6 13. e4 dxe4 14. Nxe4
Nxe4 15. Qxe4 axb3 16. axb3 Qb6 $36 {0-1 (43) Mailfert,J-Borocz,I/Budapest
FS11 IM-A 1993}) 12... Bh6 {This move is hardly necessary.} (12... Qa5 13. Ba3
$5 Re8 $13 14. Ng5 $140 Bc8 {[%csl Rg5]}) 13. e3 Qa5 14. Rc1 ({Here, too,} 14.
Ba3 {was more appropriate, e.g.} Re8 15. Qe2 Nbd7 16. Rfc1 $14 {- ...Bg7-h6
now looks like a loss of time.}) 14... Nbd7 15. Ne5 (15. g4 $5 axb3 16. axb3
Ne4 17. Nxe4 dxe4 18. Nd2 f5 $13) 15... axb3 16. axb3 Qb6 {Black's queenside
counterplay is quite sufficient for equality.} 17. g4 Ra2 18. Nd3 dxc4 19. Nxc4
Qb5 20. f4 (20. Qc2 Rfa8 $11) 20... Nd5 (20... Bg7 $142 21. Rf2 Rfa8 {, and}
22. Bf1 {is poor due to} Ne4 {.}) 21. Rf2 $1 {[%cal Yg2f1,Gf1b5]} N5b6 $6 (
21... Rfa8 22. Bf1 f5 23. Qf3 $14) 22. Qc2 $6 ({White had a good opportunity
to oust Black's pieces:} 22. Na3 $1 Qa5 (22... Qxb3 23. Qxb3 Bxb3 24. Nb4) (
22... Bxb3 23. Nxb5 Bxd1 24. Nc3) 23. Nb1 $16 {[%cal Yb1c3] - a motif totally
overlooked by both players.}) 22... f5 $6 (22... Rfa8 $1) 23. Bf1 $6 (23. Na3
$1 Qa5 24. Nb1) 23... Nd5 24. Qd1 ({The idea} 24. Na3 Qa5 25. Nb1 {is not
possible anymore as 26.Nc3 is not threatening.}) 24... Bg7 25. gxf5 Bxf5 $6 {
Black probably overlooked White's next move.} (25... gxf5 $142 $13 {keeping
control over the light squares.}) 26. Ba3 $1 {[%mdl 2048]} Rxf2 27. Nxf2 {
[%cal Re3e4]} Be6 28. Ne4 $14 {[%csl Rb5,Ge4]} N7f6 (28... Bf6 $5) 29. Nc5 {
[%csl Gc5]} Bf7 30. Qe1 Ra8 31. Ra1 $16 b6 $5 {Black decides to sacrifice the
queen to get rid of White's pressure.} 32. Nd2 Qa5 33. Bb2 Qxa1 34. Bxa1 bxc5
35. dxc5 Nxe3 36. Qxe3 $2 (36. Bxf6 Nxf1 37. Bxg7 Nxd2 38. Qxd2 Kxg7 39. Qd7
Bd5 40. Qxe7+ Kg8 41. b4 {and White should be able to convert his material
advantage.}) 36... Nd5 37. Qe4 Rxa1 {Now, with a powerful bishop pair, Black
is out of danger.} 38. Nf3 Bc3 39. Kg2 Bb4 40. Bc4 Bxc5 41. Ng5 Ra2+ 42. Kh1
Ra1+ 43. Kg2 Ra2+ 44. Kh1 Ra1+ 1/2-1/2